00907 2200217 4500001002100000005001700021008004100038035002500079040001200104082001200116084001700128100003300145245023900178260004800417300003100465500012800496650001500624700002000639850001200659990001800671INLIS00000000000934520150808125649.0  a0010-081500000000783 aYOPDYOG 223a370 aSK 370 Ana H aANASTASIA Ratika Wilis Utami aHubungan antara kualitas sekolah dengan tingkat penyerapan tenaga kerja di dunia usahab: (Studi kasus pada Sekolah Menengah Kejuruan Kelompok Bisnis dan Manajemen jurusan Akuntansi se Kabupaten Sleman)c/ Anastasia Ratika Wilis Utami aYogyakartabUniversitas Sanata Dharmac2006 axvi, 88 lembarc; 29,5 cm. aSkripsi Program Studi Pendidikan Akuntansi Jurusan Pendidikan Ilmu Pengetahuan Sosial Fakultas Keguruan dan Ilmu Pendidikan aPendidikan aBAMBANG Purnomo aYOPDYOG a47591-PD/A.15